000 00461nmm a2200157Ia 4500
008 251105s9999||||xx |||||||||||||||||und||
020 _a9789562605977
041 _aspa
100 _aRodríguez Villouta, Mili
245 0 _aLas despedidas perfectas
264 _a[Santiago de Chile, Chile] :
_bCuarto Propio,
_c2013
300 _a112 páginas
650 _aLatin American narrative
856 _uhttps://public.digitaliapublishing.com/a/25326
942 _cCF
999 _c94259
_d94259